Tous les albums / titres de Muse - Statistiques

Statistiques générales
  • Ce quiz a été pris 217 fois
  • Le résultat moyen est 45 sur 114
Statistiques - réponses
Année de sortie Titre % Correct
Hysteria
76%
2009 The Resistance
75%
1999 Showbiz
74%
Starlight
72%
2003 Absolution
70%
2001 Origin of Symmetry
70%
Resistance
70%
2015 Drones
69%
Supermassive Black Hole
67%
Uprising
67%
Time is Running Out
66%
Plug in Baby
64%
New Born
63%
Sunburn
63%
Muscle Museum
62%
2012 The 2nd Law
62%
2022 Will Of The People
62%
2006 Black Holes and Revelations
60%
Bliss
59%
Knights of Cydonia
59%
Psycho
58%
Madness
53%
Sing for Absolution
53%
Stockholm Syndrome
52%
Undisclosed Desires
52%
Supremacy
51%
Unintended
51%
Feeling Good
50%
2018 Simulation Theory
47%
Panic Station
46%
Verona
46%
Won't Stand Down
46%
Compliance
45%
Intro
44%
Uno
44%
Cave
43%
Apocalypse Please
41%
Dead Inside
41%
Space Dementia
41%
Ghosts (How Can I Move On)
40%
Butterflies and Hurricanes
39%
Kill Or Be Killed
39%
Pressure
38%
Reapers
38%
The Handler
38%
Thought Contagion
38%
We Are Fucking Fucked
38%
Euphoria
37%
Survival
37%
Unnatural Selection
37%
Megalomania
36%
Follow Me
35%
United States of Eurasia
35%
You Make Me Feel Like It's Halloween
35%
Assassin
34%
Blackout
34%
Citizen Erased
34%
Darkshines
34%
Dig Down
34%
Interlude
34%
Map of the Problematique
34%
MK Ultra
34%
Something Human
34%
Take a Bow
34%
The Dark Side
34%
Falling Away with You
33%
Mercy
33%
Micro Cuts
33%
Animals
31%
Algorithm
30%
City of Delusion
30%
Hyper Music
30%
Liberation
30%
Soldier's Poem
30%
The Small Print
30%
Thoughts of a Dying Atheist
30%
Fillip
29%
I Belong To You
29%
Sober
29%
Defector
27%
Falling Down
27%
Hoodoo
27%
Screenager
27%
Endlessly
26%
The Globalist
26%
Aftermath
25%
Guiding Light
25%
Propaganda
25%
Hate This and I'll Love You
24%
Liquid State
23%
Overdue
23%
Ruled by Secrecy
23%
The 2nd Law: Isolated System
23%
The Void
23%
Explorers
22%
Revolt
22%
Save Me
22%
Blockades
21%
Exo-Politics
21%
Invincible
21%
(JFK)
21%
Big Freeze
20%
(Drill Sergeant)
20%
Prelude
20%
Break It to Me
19%
Escape
18%
Exogenesis: Symphony Part 1
18%
Exogenesis: Symphony Part 2
18%
Exogenesis: Symphony Part 3
18%
The 2nd Law: Unsustainable
18%
Get up and Fight
16%
Aucun quiz correspondant
Distribution des résultats
% des personnes avec chaque résultat
Percentile par nombre de réponses
Votre historique - résultats
Vous n’avez pas pris ce quiz